[Event "Marianske Lazne op 11th"]
[Site "Marianske Lazne"]
[Date "2012.01.24"]
[Round "4"]
[White "Sydow, Hardy"]
[Black "Semenova, Irina"]
[Result "0-1"]
[WhiteElo "2160"]
[BlackElo "2220"]
[PlyCount "108"]
[EventDate "2012.01.21"]
[EventType "swiss"]
[EventRounds "9"]
[EventCountry "CZE"]
[SourceTitle "CBM 146 Extra"]
[Source "ChessBase"]
[SourceDate "2012.02.29"]
[SourceVersion "1"]
[SourceVersionDate "2012.02.29"]
[SourceQuality "1"]

1. e4 e5 2. Nf3 Nc6 3. d4 exd4 4. Nxd4 Bc5 5. Be3 Qf6 6. c3 Nge7 7. Bc4 Ne5 8. Be2 d5 9. f4 Ng4 10. Bxg4 Qh4+ 11. Bf2 Qxg4 12. Qxg4 Bxg4 13. e5 Bd7 14. 0-0 Bb6 15. Nd2 c5 16. N4b3 Rc8 17. c4 0-0 18. cxd5 Nxd5 19. g3 f6 20. exf6 Nxf6 21. Nc4 Ng4 22. Nxb6 axb6 23. Rfe1 Rfe8 24. Rxe8+ Rxe8 25. Re1 Ra8 26. a3 Bc6 27. Nd2 Rd8 28. Nc4 Bb5 29. Ne5 Nxf2 30. Kxf2 Rd2+ 31. Ke3 Rxb2 32. Ke4 Kf8 33. Kd5 Rd2+ 34. Ke6 Bc6 35. h4 b5 36. Rc1 c4 37. h5 Ke8 38. g4 Rd4 39. f5 Bd5+ 40. Kd6 Bf3+ 41. Kc7 Be4 42. h6 gxh6 43. f6 Rd5 44. f7+ Kf8 45. Nd7+ Kxf7 46. Rf1+ Kg7 47. Nf6 Rc5+ 48. Kd7 Bg6 49. Ke7 c3 50. Nd7 Rc7 51. Kd8 Rc6 52. Ne5 Re6 53. Nd7 c2 54. Nc5 Rc6 0-1